Grand Slam Losing Finalists - Men - Statistics

General Stats
  • This quiz has been taken 1,050 times
    145 since last reset
  • The average score is 28 of 43
Answer Stats
# Answer % Correct
13 Novak Djokovic
98%
1 Carlos Alcaraz
97%
2 Jannik Sinner
97%
8 Rafael Nadal
97%
11 Roger Federer
97%
8 Andy Murray
92%
3 Alexander Zverev
90%
5 Daniil Medvedev
90%
2 Andre Agassi
89%
1 Stanislas Wawrinka
88%
3 Dominic Thiem
83%
2 Lleyton Hewitt
83%
1 David Ferrer
81%
2 Pete Sampras
81%
4 Andy Roddick
79%
3 Casper Ruud
79%
2 Marin Cilic
79%
2 Stefanos Tsitsipas
78%
1 Juan Martin del Potro
77%
2 Marat Safin
77%
1 Taylor Fritz
77%
1 Nick Kyrgios
70%
1 Kei Nishikori
68%
2 Robin Soderling
66%
2 Juan Carlos Ferrero
65%
2 Kevin Anderson
65%
1 Jo-Wilfried Tsonga
63%
1 Matteo Berrettini
63%
1 Milos Raonic
63%
1 Tomas Berdych
59%
2 Patrick Rafter
57%
1 David Nalbandian
50%
1 Yevgeny Kafelnikov
49%
1 Guillermo Coria
48%
1 Marcos Baghdatis
48%
1 Mark Philippoussis
38%
1 Fernando Gonzalez
33%
1 Mariano Puerta
33%
1 Alex Corretja
26%
1 Arnaud Clement
20%
1 Rainer Schüttler
20%
1 Magnus Norman
17%
1 Martin Verkerk
17%
No matching quizzes found
Score Distribution
Percent of People with Each Score
Percentile by Number Answered
Your Score History
You have not taken this quiz since the last reset